Mensaje presidencial : (Registro nro. 31094)

Detalles MARC
000 -LEADER
fixed length control field 01214nam a22002417a 4500
003 - CONTROL NUMBER IDENTIFIER
control field OSt
005 - DATE AND TIME OF LATEST TRANSACTION
control field 20250929115327.0
008 - FIXED-LENGTH DATA ELEMENTS--GENERAL INFORMATION
fixed length control field 250929b |||d ||| |||| 00| 0 spa d
022 ## - INTERNATIONAL STANDARD SERIAL NUMBER
International Standard Serial Number 2011-4621
037 ## - SOURCE OF ACQUISITION
Source of stock number/acquisition Donación
040 ## - CATALOGING SOURCE
Original cataloging agency CO-JMCR
Transcribing agency CO-JMCR
Language of cataloging spa
Modifying agency CO-JMCR
Description conventions rda
041 0# - LANGUAGE CODE
Language code of text/sound track or separate title spa
082 04 - DEWEY DECIMAL CLASSIFICATION NUMBER
Classification number 336.028
Edition number 23
Item number M54m
245 00 - TITLE STATEMENT
Title Mensaje presidencial :
Remainder of title proyecto de ley de presupuesto general de la Nación, un presupuesto para consolidar la confianza /
Statement of responsibility, etc. Presidencia de la República.
260 ## - PUBLICATION, DISTRIBUTION, ETC.
Place of publication, distribution, etc. Bogotá :
Name of publisher, distributor, etc. Presidencia de la República,
Date of publication, distribution, etc. 2010.
300 ## - PHYSICAL DESCRIPTION
Extent 215 páginas :
Other physical details Gráficas ;
Dimensions 24 cm.
505 ## - FORMATTED CONTENTS NOTE
Formatted contents note I. Mensaje presidencial, proyecto de presupuesto general de la nación 2011-- II. Anexo al mensaje presidencial, proyecto de presupuesto general de la nación 2011-- III. Aspectos complementarios, proyecto de presupuesto general de la nación 2011.
650 24 - SUBJECT ADDED ENTRY--TOPICAL TERM
Topical term or geographic name entry element Presupuesto nacional
Geographic subdivision Colombia
Form subdivision Publicaciones seriadas.
Source of heading or term JMCR
9 (RLIN) 44362
650 24 - SUBJECT ADDED ENTRY--TOPICAL TERM
Topical term or geographic name entry element Gastos públicos
Geographic subdivision Colombia
Form subdivision Publicaciones seriadas.
Source of heading or term JMCR
9 (RLIN) 44363
650 24 - SUBJECT ADDED ENTRY--TOPICAL TERM
Topical term or geographic name entry element Política presupuestaria
Geographic subdivision Colombia
Form subdivision Publicaciones seriadas.
Source of heading or term JMCR
9 (RLIN) 44364
710 1# - ADDED ENTRY--CORPORATE NAME
Corporate name or jurisdiction name as entry element Colombia.
Subordinate unit Presidencia de la República.
9 (RLIN) 2972
942 ## - ADDED ENTRY ELEMENTS (KOHA)
Source of classification or shelving scheme Dewey Decimal Classification
Koha item type Books
Existencias
Withdrawn status Lost status Source of classification or shelving scheme Damaged status Not for loan Collection code Home library Current library Shelving location Date acquired Source of acquisition Total Checkouts Full call number Barcode Date last seen Copy number Price effective from Koha item type
    Dewey Decimal Classification     Non-fiction Biblioteca Pública José María del Castillo y Rada Biblioteca Pública José María del Castillo y Rada Book Cart 09/16/2024 Donación   336.028 M54m 201812636 09/29/2025 Ej.1 09/29/2025 Books